Monitoring access and recreation at sensitive natural heritage sites (Record no. 109643)

MARC details
000 -LEADER
fixed length control field 01285cad a22002295a 4500
001 - CONTROL NUMBER
control field E147601
008 - FIXED-LENGTH DATA ELEMENTS--GENERAL INFORMATION
fixed length control field 090528s2007 xxk f 000 0 eng d
035 ## - SYSTEM CONTROL NUMBER
System control number (Sirsi) u147601
041 0# - LANGUAGE CODE
Language code of text/sound track or separate title eng
050 04 - LIBRARY OF CONGRESS CALL NUMBER
Classification number 711.558 $2 18
110 2# - MAIN ENTRY--CORPORATE NAME
Corporate name or jurisdiction name as entry element Land Use Consultants
9 (RLIN) 3228
245 00 - TITLE STATEMENT
Title Monitoring access and recreation at sensitive natural heritage sites
Medium [electronic resource]
260 ## - PUBLICATION, DISTRIBUTION, ETC.
Place of publication, distribution, etc. [Redgorton]
Name of publisher, distributor, etc. SNH
Date of publication, distribution, etc. 2007
505 2# - FORMATTED CONTENTS NOTE
Formatted contents note Executive summary -- Part 1: rationale and toolkit -- Part 2: using the tools -- Appendix 1: useful materials -- Appendix 2: background reports
520 ## - SUMMARY, ETC.
Summary, etc. Looks at ways of monitoring access and recreation at sensitive sites, where such access has the potential to cause damage or disturbance. Offers guidance to managers of such sites on the type, scale and patterns of recreational use, and discusses the changes in natural heritage features that may be caused by to such use.
521 ## - TARGET AUDIENCE NOTE
Target audience note Advanced
590 ## - LOCAL NOTE (RLIN)
Local note KA
651 #4 - SUBJECT ADDED ENTRY--GEOGRAPHIC NAME
Geographic name Scotland
Chronological subdivision 1999-
690 ## - LOCAL SUBJECT ADDED ENTRY--TOPICAL TERM (OCLC, RLIN)
Topical term or geographic name as entry element ENVIRONMENTAL AND LAND CONSULTANCY-ENVIRONMENTAL MANAGEMENT-ENVIRONMENTAL CONSERVATION-LANDSCAPE CONSERVATION
856 40 - ELECTRONIC LOCATION AND ACCESS
Uniform Resource Identifier <a href="https://www.snh.org.uk/publications/on-line/heritagemanagement/sensitivesites/page_index.asp">https://www.snh.org.uk/publications/on-line/heritagemanagement/sensitivesites/page_index.asp</a>
Public note View the guidance free of charge at www.snh.org.uk...
942 ## - ADDED ENTRY ELEMENTS (KOHA)
Suppress in OPAC 0
Holdings
Withdrawn status Lost status Source of classification or shelving scheme Damaged status Not for loan Home library Current library Shelving location Date acquired Total Checkouts Full call number Barcode Date last seen Copy number Price effective from Koha item type
    Dewey Decimal Classification     Virtual Virtual Online 28/05/2009   ONLINE PUBLICATION 147601-2001 06/08/2019 1 06/08/2019 Book